PRINCIPLES OF FORENSIC MEDICINE AND TOXICOLOGY (Record no. 34740)

MARC details
000 -LEADER
fixed length control field 00432nam a22001697a 4500
003 - CONTROL NUMBER IDENTIFIER
control field SGT
020 ## - INTERNATIONAL STANDARD BOOK NUMBER
International Standard Book Number 9789366160191
082 ## - DEWEY DECIMAL CLASSIFICATION NUMBER
Classification number 614.1
Item number P25B
100 ## - MAIN ENTRY--PERSONAL NAME
Personal name BARDALE, RAJESH
245 ## - TITLE STATEMENT
Title PRINCIPLES OF FORENSIC MEDICINE AND TOXICOLOGY
250 ## - EDITION STATEMENT
Edition statement 4TH
260 ## - PUBLICATION, DISTRIBUTION, ETC. (IMPRINT)
Place of publication, distribution, etc NEW DELHI
Name of publisher, distributor, etc JAYPEE BRO. PUB.
Year of Publication 2025
300 ## - PAGE DESCRIPTION
No. of Pages 815
650 ## - SUBJECT ADDED ENTRY--TOPICAL TERM
Topical term or geographic name as entry element FORENSIC MEDICINE
653 ## - KEYWORDS--INDEX TERM
Keyword term PRINCIPLES , FORENSIC, MEDICINE ,TOXICOLOGY
942 ## - ADDED ENTRY ELEMENTS (KOHA)
Source of classification or shelving scheme Dewey Decimal Classification
Koha item type Books
Holdings
Withdrawn status Lost status Source of classification or shelving scheme Damaged status Not for loan Collection code Home library Current library Shelving location Date acquired Vendor Name Cost, normal purchase price SGTU Bill Number Total Checkouts Full call number Accession No. (Barcode) Date last seen Bill Date Koha item type Use restrictions
    Dewey Decimal Classification     AYURVEDA SGT FA-FP Library SGT FA-FP Library Text Book 30/04/2026 ABC PVT. LTD. 1350.00 SGTU 22849   614.1 P25B FA13446 30/04/2026 08/04/2026 Books  
    Dewey Decimal Classification     AYURVEDA SGT FA-FP Library SGT FA-FP Library Reference Book 30/04/2026 ABC PVT. LTD. 1350.00 SGTU 22849   614.1 P25B FA13447 30/04/2026 08/04/2026 Books Restricted Access